000 00844nam a22002657a 4500
999 _c33783
_d33783
001 3076
003 CO-MdFUSB
005 20180622073130.0
008 180502s1954 xxu||||| |||| 00| 0 spa d
020 _a0-311-04305-4
040 _aCO-MdFUSB
_bspa
_cCO-MdFUSB
_dCO-MdFUSBC
_erda
041 0 _aspa
_heng
082 0 4 _aG 228.1 S9557d
100 1 _aSummers, Ray
_eautor
245 1 0 _aDigno es el cordero
_b : Una interpretación del Apocalipsis
_c / Ray Summers ; Alfredo Lerin, Traductor
250 _a4
264 1 _aEl Paso, TX., USA :
_bCasa Bautista de Publicaciones,
_c[1954]
300 _a287 Pag
336 _2rdacontent
_atexto
_btxt
337 _2rdamedia
_asin mediación
_bn
338 _2rdacarrier
_avolumen
_bnc
653 _aInterpretación de la Biblia N.T. - Apocalipsis
653 _aLiteratura apocalíptica
942 _cBK